000 00376nam a2200133Ia 4500
005 20260326235455.0
008 260326s9999||||xx |||||||||||||| ||und||
100 _aMoholy-Nagy, Sibyl
245 0 _aUrbanismo y sociedad :
_b Historia Ilustrada de la Evolución de la Ciudad /
_cSibyl Moholy-Nagy
260 _bBlume
300 _a313 p.
650 _aDISEÑO URBANO
942 _cBK
999 _c7901
_d7901